000
00324nam a22001337a 4500
020
_a
2706808233
040
_c
DLC
082
_a
630 PAR 1982 C284 Or.
100
_a
G.PARRY
245
_a
Le cotonnier et ses produits
260
_b
G.-P. Maisonneuve & Larose, Paris,
_c
1982
300
_a
502 pages
_c
25 cm
942
_c
AEDBB
999
_c
22447
_d
22447